000 00720nam a22001817a 4500
003 UA-OsUOA
001 17677
007 ta
008 20040320b un ||||| |||| 00| 0 ukr d
100 _aГвоздинський В.
942 _cSA
040 _aUA-OsUOA
_cUA-OsUOA
_dUA-OsUOA
245 _a"Потрібно знаходити компроміс між минулим і майбутнім"
_b[Розмова з дир. фірми "Вілар-Трейд",яка працює на будівельному ринку обл.]/О.Ольхович
300 _aС.6
955 _a0
773 0 _w0
_tІмідж
_dРівне
_d2003
_g№23/Листоп./
650 7 _aКраєзнавча робота
_2UDC
999 _c303845
_d303845